The Skills of Communicating (Record no. 152784)

MARC details
000 -LEADER
fixed length control field 00473nam a22001697a 4500
005 - DATE AND TIME OF LATEST TRANSACTION
control field 20180618140505.0
020 ## - INTERNATIONAL STANDARD BOOK NUMBER
International Standard Book Number 8172244800
035 ## - SYSTEM CONTROL NUMBER
System control number A-760438
037 ## - SOURCE OF ACQUISITION
Source of stock number/acquisition BPPD/PUB
082 ## - DEWEY DECIMAL CLASSIFICATION NUMBER
Classification number 651.7
100 ## - MAIN ENTRY--PERSONAL NAME
Personal name Scott Bill
245 ## - TITLE STATEMENT
Title The Skills of Communicating
Statement of responsibility, etc by Bill Scott
260 ## - PUBLICATION, DISTRIBUTION, ETC. (IMPRINT)
Place of publication, distribution, etc Bombay
Name of publisher, distributor, etc Jaico Publishing House
Date of publication, distribution, etc 1995
270 ## - ADDRESS
Address 121, M G Road
City Bombay
Postal code 400001
300 ## - PHYSICAL DESCRIPTION
Extent xi, 197p.
Dimensions 20 cm (Hb)
942 ## - ADDED ENTRY ELEMENTS (KOHA)
Source of classification or shelving scheme Dewey Decimal Classification
Item type English Books
Classification part 651.7
Call number suffix SCO
Holdings
Withdrawn status Lost status Not for loan Collection code Home library Current library Date acquired Source of acquisition Cost, normal purchase price Full call number Barcode Cost, replacement price Koha item type
      Non-fiction Shahdara Branch Shahdara Branch 18/06/2018 BPPD/PUB 0.00 651.7 SCO A-760438 0.00 English Books

© Delhi Public Library
Hit Counter
free hit counter